000 00653nam a2200193Ia 4500
003 GCL
005 20240530104658.0
008 140319s9999 xx 000 0 ara d
040 _aGCL /
_cGCL
082 0 4 _a810.99568
_bع ا
100 1 _aعبدالله رضوان
245 1 0 _aادباء اردنيون : دراسات فى الادب العربى الحديث /
_cعبدالله رضوان
300 _a319 ص
490 _aالهيئة العامة للاستعلامات
_v0
650 0 4 _aالادب العربى
650 0 4 _aالادب العربى - تاريخ ونقد
650 0 4 _aالاردن - تاريخ ونقد
942 _2ddc
_cBK
999 _c49761
_d49761